The New Management (Record no. 7229)
[ view plain ]
| 000 -LEADER | |
|---|---|
| fixed length control field | 00229nam a2200109Ia 4500 |
| 020 ## - INTERNATIONAL STANDARD BOOK NUMBER | |
| ISBN | 978-0023399909 |
| 100 ## - MAIN ENTRY--AUTHOR NAME | |
| Personal name | Robert M. Fulmer |
| 245 #4 - TITLE STATEMENT | |
| Title | The New Management |
| 260 ## - PUBLICATION, DISTRIBUTION, ETC. (IMPRINT) | |
| Place of publication | USA |
| Name of publisher | MacMillan |
| Year of publication | 1987 |
| 300 ## - PHYSICAL DESCRIPTION | |
| Number of Pages | 526 |
| 942 ## - ADDED ENTRY ELEMENTS (KOHA) | |
| Koha item type | Books |
| Withdrawn status | Lost status | Permanent Location | Current Location | Date acquired | Full call number | Accession Number | Koha item type |
|---|---|---|---|---|---|---|---|
| | | MAJU | MAJU | 2019-09-12 | 658.5 | 986 | Books |